V Parmi intronizuvaly novoho jeparchu
| Main Author: | |
|---|---|
| Format: | Article |
| Language: | Ukrainian |
| PhysicalDescription: | Fotografie |
| ISSN: | 2454-0013 |
| Subjects: | |
| Online Access: | https://www.vaticannews.va/sk/cirkev/news/2018-06/milan-lach-intronizacia-biskup-rutsnskej-eparchie-parma-usa.html https://www.archpitt.org/metropolitan-archbishop/ https://en.wikipedia.org/wiki/Christophe_Pierre |
MARC
| LEADER | 00000nab a2200000 4500 | ||
|---|---|---|---|
| 001 | vtls011897222 | ||
| 003 | SK-MaSNL | ||
| 005 | 20260318122246.0 | ||
| 008 | 191030c2018 xo er|n || ||00 c0ukr | ||
| 015 | |a SNBRB2019/10 | ||
| 038 | |a SVKPOCL | ||
| 040 | |a SVKPOCL |b slo |c SVKPOCL |e rda | ||
| 041 | 0 | |a ukr | |
| 043 | |a e-xo--- |a n-us-oh | ||
| 044 | |a xo |c SK | ||
| 072 | 7 | |a 271/279 |x Kresťanské cirkvi, sekty, denominácie |2 konspekt | |
| 072 | 7 | |a 27 |x Kresťanstvo. Kresťanská cirkev všeobecne. Ekleziológia |2 konspekt | |
| 080 | |a 272-528.8-726.3 |2 2011 | ||
| 080 | |a (737.1) |2 2011 | ||
| 080 | |a 272/273 |2 2011 | ||
| 080 | |a (437.671) |2 2011 | ||
| 080 | |a 272‑722.52 |2 2011 | ||
| 080 | |a 272-549 |2 2011 | ||
| 080 | |a 27‑722.52 |2 2011 | ||
| 080 | |a 929 Lach, Milan |2 2011 | ||
| 100 | 1 | |a Medviď, Peter, |d 1981- |4 aut |9 268505 | |
| 245 | 1 | 0 | |a V Parmi intronizuvaly novoho jeparchu |c Petro Medviď |
| 300 | |b Fotografie | ||
| 336 | |a text |b txt |2 rdacontent | ||
| 337 | |a bez média |b n |2 rdamedia | ||
| 338 | |a zväzok |b nc |2 rdacarrier | ||
| 500 | |a Doplňujúce údaje sú pevzaté z vaticannews.va, archpitt.org a en.wikipedia.org | ||
| 600 | 1 | 7 | |a Lach, Milan, |d 1973- |2 svkpocl |9 486479 |
| 600 | 1 | 7 | |a Skurla, William Charles, |d 1956- |2 svkpocl |9 1569587 |
| 600 | 1 | 7 | |a Pierre, Christophe Louis Yves Georges, |d 1946- |2 svkpocl |9 1569588 |
| 600 | 1 | 7 | |a Chautur, Milan, |d 1957- |2 SNKMA |9 106641 |
| 610 | 2 | 7 | |a Gréckokatolícka cirkev |2 SNKKA |9 32576 |
| 610 | 2 | 7 | |a Eparchia Parmensis Ruthenorum |2 svkpocl |9 1569589 |
| 610 | 2 | 7 | |a Katedrála sv. Jána Krstiteľa (Parma, Ohio) |2 svkpocl |9 1569590 |
| 610 | 2 | 7 | |a The Byzantine Catholic Eparchy of Parma |2 svkpocl |9 1569591 |
| 610 | 2 | 7 | |a Rusínska gréckokatolícka cirkev. |b Pittsburgská archieparchia |2 svkpocl |9 1556929 |
| 610 | 2 | 7 | |a Gréckokatolícka cirkev. |b Pittsburgská archieparchia. |b Parmská eparchia (Parma, Ohio) |2 svkpocl |9 1569592 |
| 648 | 7 | |a 30.6.2018 |2 svkpocl |9 1131886 | |
| 648 | 7 | |a 1.6.2018 |2 svkpocl |9 1341667 | |
| 650 | 0 | 7 | |a eparchie |2 SNKPH |9 117312 |
| 650 | 0 | 7 | |a osobnosti |2 SNKPH |9 29820 |
| 650 | 0 | 7 | |a biografia |2 SNKPH |9 71085 |
| 650 | 0 | 7 | |a rodáci |2 SNKPH |9 30842 |
| 650 | 0 | 7 | |a intronizácia |2 svkpocl |9 642139 |
| 650 | 0 | 7 | |a gréckokatolícki kňazi |2 SNKPH |9 68059 |
| 650 | 0 | 7 | |a gréckokatolícki biskupi |2 svkpocl |9 59793 |
| 650 | 0 | 7 | |a cirkevní administrátori |2 svkpocl |9 1494677 |
| 650 | 0 | 7 | |a východné kresťanské cirkvi |2 SNKPH |9 68747 |
| 650 | 0 | 7 | |a gréckokatolícka liturgia |2 SNKPH |9 69403 |
| 651 | 7 | |a Kežmarok (Slovensko) |2 SNKPHgeo |9 26808 | |
| 651 | 7 | |a Slovensko |2 SNKPHgeo |9 14231 | |
| 651 | 7 | |a Parma (Ohio) |2 svkpocl |9 115801 | |
| 651 | 7 | |a Ohio |2 SNKPHgeo |9 56253 | |
| 651 | 7 | |a Osturňa (Slovensko) |2 SNKPHgeo |9 54497 | |
| 651 | 7 | |a Trnava (Slovensko) |2 SNKPHgeo |9 19407 | |
| 651 | 7 | |a Bratislava (Slovensko) |2 SNKPHgeo |9 14568 | |
| 773 | 0 | |t Info Rusyn |g Roč. XV (27), č. 12 (2018), s. [1], 3 |x 2454-0013 | |
| 852 | |a SVKPO |b KIS3GCP | ||
| 856 | 4 | 2 | |u https://www.vaticannews.va/sk/cirkev/news/2018-06/milan-lach-intronizacia-biskup-rutsnskej-eparchie-parma-usa.html |
| 856 | 4 | 2 | |u https://www.archpitt.org/metropolitan-archbishop/ |
| 856 | 4 | 2 | |u https://en.wikipedia.org/wiki/Christophe_Pierre |
| 958 | |a RN | ||
| 958 | |a SS | ||
| 958 | |a BX | ||
| 958 | |a NT | ||
| 958 | |a BC | ||
| 958 | |a US | ||
| 958 | |a NM | ||
| 999 | |c 3199739 |d 3201669 | ||


